000 00319nam a22001217a 4500
040 _cRUA
082 _aANN OUK 2017 A.126 Or.1
100 _aOUK MAKARA, អ៊ុក​ ម៉ារាកា
245 _aAnnual Report 2017 A.126 Or.1
260 _aPHNOM PENH
_bRUA
_c20217
300 _avi,
_bill,
_c29cm,
942 _cREC
999 _c25179
_d25179